Statistics for Disease and Disorder Acronyms

Click here to take the quiz!

General Stats

  • This quiz has been taken 89 times
  • The average score is 7 of 16

Answer Stats

AcronymDisease/Disorder% Correct
PTSDPost Traumatic Stress Disorder
95%
STDSexually Transmitted Disease
86%
OCDObsessive Compulsive Disorder
82%
IBSIrritable Bowel Syndrome
69%
UTIUrinary Tract Infection
69%
MSMultiple Sclerosis
68%
BPDBorderline Personality Disorder
45%
HIVHuman Immunodeficiency Virus
42%
DVTDeep Vein Thrombosis
26%
COPDChronic Obstructive Pulmonary Disease
23%
SARSSevere Acute Respiratory Syndrome
18%
CVDCardiovascular Disease
17%
ALSAmyotrophic Lateral Sclerosis
9%
PADPeripheral Artery Disease
8%
RLSRestless Legs Syndrome
8%
CTSCarpal Tunnel Syndrome
4%

Score Distribution

Percentile by Number Answered

Percent of People with Each Score

Your Score History

You have not taken this quiz